| 000 | 00918cam a2200241 a 4500 | ||
|---|---|---|---|
| 003 | OSt | ||
| 005 | 20200923122947.0 | ||
| 008 | 080129t 2005ck r 000 0 spa d | ||
| 020 | _a9589231314 | ||
| 040 |
_aCO-BoPUJ _cCO-JMCR |
||
| 041 | 0 | _aspa | |
| 082 | 0 | 4 |
_a324.9861 / _bC355p _221 |
| 100 | 1 |
_aCastro Castro, Jaime, _eautor _99637 |
|
| 245 | 1 | 0 |
_aPostdata a la reelección / _cJaime Castro Catro |
| 250 | _aPrimera edición | ||
| 260 |
_aBogotá : _bForo Nacional por Colombia, _cc2005. |
||
| 300 |
_a272 páginas ; _c25 cm. |
||
| 504 | _aReferencias bibliográficas: páginas 271-272. | ||
| 505 | 0 | _aColombia, tierra estéril para la reelección. -- La reelección cambia el sistema y el régimen político. -- La reelección abre la caja de pandora. -- Los costos de la reelección. | |
| 650 | 1 | 4 |
_aReelección presidencial _zColombia _910711 |
| 650 | 2 | 4 |
_aElecciones _xHistoria _910712 |
| 942 |
_2ddc _cBK |
||
| 999 |
_c6877 _d6877 |
||